Vládne zásahy na trhu rizikového kapitálu

Úloha rizikového kapitálu pri financovaní inovatívnych malých a stredných podnikov. Štátne zásahy na trhu rizikového kapitálu. Nástroje štátnych zásahov. Komparácia názorov na vládne zásahy na trhu rizikového kapitálu. Posúdenie efektívnosti štátnych zásahov.

Uložené v:
Podrobná bibliografia
Hlavný autor: Fetisovová, Elena
Ďalší autori: Nagy, Ladislav
Médium: Kapitola
Jazyk:Slovak
Predmet:
Tagy: Pridať tag
Žiadne tagy, Buďte prvý, kto otaguje tento záznam!

MARC

LEADER 00000nla$a2200000$$$4500
001 0142352
005 20240502072541.9
041 0 |a slo 
044 |a SK 
245 1 0 |a Vládne zásahy na trhu rizikového kapitálu  |c Elena Fetisovová, Ladislav Nagy 
520 |a Úloha rizikového kapitálu pri financovaní inovatívnych malých a stredných podnikov. Štátne zásahy na trhu rizikového kapitálu. Nástroje štátnych zásahov. Komparácia názorov na vládne zásahy na trhu rizikového kapitálu. Posúdenie efektívnosti štátnych zásahov. 
610 2 0 |a kapitál rizikový 
610 2 0 |a financie 
610 2 0 |a financovanie 
610 2 0 |a štát 
610 2 0 |a zdaňovanie 
610 2 0 |a úver 
610 2 0 |a podnik malý 
610 2 0 |a podnik stredný 
610 2 0 |a efektívnosť 
100 1 |a Fetisovová, Elena 
700 1 |a Nagy, Ladislav